Every UCL Goalscorer 2023-24 - Statistics

General Stats
  • This quiz has been taken 77 times
    64 since last reset
  • The average score is 17 of 127
Answer Stats
Hint Answer % Correct
Arsenal Bukayo Saka
88%
Barcelona Robert Lewandowski
61%
Arsenal Gabriel Jesus
59%
Arsenal Gabriel Martinelli
57%
Atlético Madrid Antoine Griezmann
55%
Real Madrid Vinícius Júnior
55%
Manchester City Erling Haaland
53%
Arsenal Martin Ødegaard
53%
Real Madrid Jude Bellingham
51%
Bayern München Harry Kane
49%
Real Madrid Rodrygo
49%
Paris Saint-Germain Kylian Mbappé
43%
Manchester United Rasmus Højlund
39%
Atlético Madrid Álvaro Morata
37%
Lazio Ciro Immobile
35%
Arsenal Leandro Trossard
35%
Manchester City Julián Álvarez
33%
Bayern München Leroy Sané
33%
Manchester City Phil Foden
33%
Real Madrid Brahim Díaz
29%
Barcelona João Felix
29%
Internazionale Lautaro Martínez
29%
PSV Eindhoven Luuk de Jong
27%
Barcelona Ferran Torres
25%
AC Milan Rafael Leāo
25%
Manchester United Bruno Fernandes
24%
Bayern München Jamal Musiala
24%
Galatasaray Mauro Icardi
24%
FC Porto Pepe
24%
Bayern München Serge Gnabry
24%
RB Leipzig Loïs Openda
22%
Barcelona Gavi
20%
Benfica Rafa Silva
20%
RB Leipzig Xavi Simons
20%
Manchester City Rodrigo
18%
Young Boys Meschack Elia
16%
AC Milan Olivier Giroud
16%
Lens Elye Wahi
14%
Borussia Dortmund Julian Brandt
14%
Real Sociedad Mikel Merino
14%
Atlético Madrid Samuel Lino
14%
RB Leipzig Benjamin Šeško
12%
Barcelona Fermín López
12%
Manchester City Jérémy Doku
12%
Bayern München Kingsley Coman
12%
FC Porto Mehdi Taremi
12%
Paris Saint-Germain Randal Kolo Muani
12%
Galatasaray Wilfried Zaha
12%
Newcastle United Dan Burn
10%
Paris Saint-Germain Lucas Hernández
10%
Feyenoord Santiago Giménez
10%
Paris Saint-Germain Achraf Hakimi
8%
Real Sociedad Brais Méndez
8%
Manchester United Casemiro
8%
FC Porto Evanilson
8%
Lazio Ivan Provedel
8%
Paris Saint-Germain Kang-in Lee
8%
Newcastle United Miguel Almirón
8%
Real Sociedad Mikel Oyarzabal
8%
Borussia Dortmund Niclas Füllkrug
8%
Napoli Piotr Zieliński
8%
FC Porto Wenderson Galeno
8%
RB Leipzig Dani Olmo
6%
RB Leipzig David Raum
6%
København Diogo Gonçalves
6%
Newcastle United Fabian Schär
6%
Manchester City Manuel Akanji
6%
Internazionale Marcus Thuram
6%
Napoli Matteo Politano
6%
Paris Saint-Germain Milan Škriniar
6%
København Mohamed Elyounoussi
6%
Lazio Pedro
6%
Newcastle United Sean Longstaff
6%
Galatasaray Tetê
6%
Sevilla Youssef En-Nesyri
6%
Internazionale Alexis Sánchez
4%
Galatasaray Cédric Bakambu
4%
Internazionale Hakan Çalhanoğlu
4%
Manchester United Harry Maguire
4%
Galatasaray Kerem Aktürkoğlu
4%
Celtic Luis Palma
4%
Bayern München Mathys Tel
4%
København Roony Bardghji
4%
Galatasaray Sacha Boey
4%
Lens Adrien Thomasson
2%
Sporting Braga Álvaro Djaló
2%
Real Sociedad Ander Barrenetxea
2%
Lens Angelo Fulgini
2%
Sporting Braga Bruma
2%
Feyenoord Calvin Stengs
2%
Shakhtar Donetsk Danylo Sikan
2%
FC Union Berlin David Datro Fofana
2%
Borussia Dortmund Felix Nmecha
2%
Shakhtar Donetsk Georgiy Sudakov
2%
Napoli Giacomo Raspadori
2%
Napoli Giovanni Di Lorenzo
2%
Celtic Kyogo Furuhashi
2%
Sevilla Lucas Ocampos
2%
København Lukas Lerager
2%
Sevilla Nemanja Gudelj
2%
Atlético Madrid Saúl Ñíguez
2%
Royal Antwerp FC Alhassan Yusuf
0%
Feyenoord Alireza Jahanbakhsh
0%
Sporting Braga André Castro
0%
Royal Antwerp FC Arbnor Muja
0%
Young Boys Cédric Itten
0%
Crvena Zvezda Cherif Ndiaye
0%
Feyenoord Dávid Hancko
0%
Young Boys Filip Ugriníć
0%
PSV Eindhoven Johan Bakayoko
0%
PSV Eindhoven Jordan Teze
0%
Shakhtar Donetsk Kevin Kelsy
0%
Napoli Leo Østigård
0%
Crvena Zvezda Marko Stameníć
0%
Lazio Matías Vecino
0%
Royal Antwerp FC Michel Ange Balikwisha
0%
RB Leipzig Mohamed Simakan
0%
Red Bull Salzburg Oscar Gloukh
0%
Crvena Zvezda Osman Bukari
0%
Atlético Madrid Pablo Barrios
0%
Feyenoord Ramiz Zerrouki
0%
Red Bull Salzburg Roko Šimić
0%
FC Union Berlin Sheraldo Becker
0%
Sporting Braga Sikou Niakaté
0%
FC Porto Stephen Eustaquio
0%
RB Leipzig Xaver Schlager
0%
Shakhtar Donetsk Yaroslav Rakitskyi
0%
No matching quizzes found
Score Distribution
Percent of People with Each Score
Percentile by Number Answered
Your Score History
You have not taken this quiz since the last reset